000 00576nam a2200193Ia 4500
005 20250508164823.0
008 008 250505s9999 xx 000 0 eng d
037 _aDissertations
040 _aFEDL
_beng
_cFEDL
041 _aeng
_2eng
084 _a305.4, MAL/DI
_qFEDL
100 _aMalathi Adusumalli
_9779213
245 0 _aReview of research in education: In search of a women's perspective
260 _c1998
300 _ai,150p.
546 _aM. Phil. Dissertation (Delhi University)
942 _cDIS
_h305.4, MAL/DI
999 _c1391393
_d1391393